000 00663nam a22002297a 4500
003 UA-OsUOA
001 98323
007 ta
008 20130415b un ||||| |||| 00| 0 ukr d
100 _aРассадин С.
090 _a821.161.1
_bР24
942 _cBK
040 _aUA-OsUOA
_brus
_cUA-OsUOA
_dUA-OsUOA
245 _aНикогда никого не забуду
_bповесть об Иване Горбачевском
300 _a350 с.
955 _a3
041 _arus
080 _a821.161.1
260 _aМ.
_bПолитиздат
_c1987
650 7 _a82 Література. Літературознавство
_2UDC
999 _c384821
_d384821